<?xml version="1.0" encoding="UTF-8"?>
<record
    xmlns:xsi="http://www.w3.org/2001/XMLSchema-instance"
    xsi:schemaLocation="http://www.loc.gov/MARC21/slim http://www.loc.gov/standards/marcxml/schema/MARC21slim.xsd"
    xmlns="http://www.loc.gov/MARC21/slim">

  <leader>00439    a2200157   4500</leader>
  <controlfield tag="005">20250520093302.0</controlfield>
  <datafield tag="020" ind1=" " ind2=" ">
    <subfield code="a">0-07-286905-4</subfield>
  </datafield>
  <datafield tag="082" ind1=" " ind2=" ">
    <subfield code="a">658.5 STE</subfield>
  </datafield>
  <datafield tag="100" ind1=" " ind2=" ">
    <subfield code="a">STEVENSON, W. J.</subfield>
  </datafield>
  <datafield tag="245" ind1=" " ind2=" ">
    <subfield code="a">Operations Management.</subfield>
  </datafield>
  <datafield tag="250" ind1=" " ind2=" ">
    <subfield code="a">8th Ed</subfield>
  </datafield>
  <datafield tag="260" ind1=" " ind2=" ">
    <subfield code="a">New York,</subfield>
    <subfield code="b">McGraw-Hill,</subfield>
    <subfield code="c">2005.</subfield>
  </datafield>
  <datafield tag="300" ind1=" " ind2=" ">
    <subfield code="a">xiv, 871p.: ill.; figure, table</subfield>
    <subfield code="b">Index</subfield>
    <subfield code="c">28cm.</subfield>
  </datafield>
  <datafield tag="856" ind1=" " ind2=" ">
    <subfield code="y">Access Online Book</subfield>
    <subfield code="f">Operations Management</subfield>
    <subfield code="d">www.mhhe.com</subfield>
  </datafield>
  <datafield tag="942" ind1=" " ind2=" ">
    <subfield code="2">ddc</subfield>
    <subfield code="c">BKS</subfield>
  </datafield>
  <datafield tag="999" ind1=" " ind2=" ">
    <subfield code="c">2477</subfield>
    <subfield code="d">2477</subfield>
  </datafield>
  <datafield tag="952" ind1=" " ind2=" ">
    <subfield code="r">2025-05-20 09:35:12</subfield>
    <subfield code="l">0</subfield>
    <subfield code="o">658.5 STE</subfield>
    <subfield code="p">0000009330</subfield>
    <subfield code="v">180000.00</subfield>
    <subfield code="w">2025-05-20</subfield>
    <subfield code="y">BKS</subfield>
    <subfield code="1">0</subfield>
    <subfield code="2">ddc</subfield>
    <subfield code="4">0</subfield>
    <subfield code="7">0</subfield>
    <subfield code="0">0</subfield>
    <subfield code="a">CBEML</subfield>
    <subfield code="b">CBEML</subfield>
    <subfield code="c">GEN</subfield>
    <subfield code="d">2007-04-17</subfield>
    <subfield code="g">60000.00</subfield>
  </datafield>
  <datafield tag="952" ind1=" " ind2=" ">
    <subfield code="r">2025-05-20 09:35:12</subfield>
    <subfield code="l">0</subfield>
    <subfield code="o">658.5 STE</subfield>
    <subfield code="p">0000009331</subfield>
    <subfield code="v">180000.00</subfield>
    <subfield code="w">2025-05-20</subfield>
    <subfield code="y">BKS</subfield>
    <subfield code="1">0</subfield>
    <subfield code="2">ddc</subfield>
    <subfield code="4">0</subfield>
    <subfield code="7">0</subfield>
    <subfield code="0">0</subfield>
    <subfield code="a">CBEML</subfield>
    <subfield code="b">CBEML</subfield>
    <subfield code="c">GEN</subfield>
    <subfield code="d">2007-04-17</subfield>
    <subfield code="g">60000.00</subfield>
  </datafield>
  <datafield tag="952" ind1=" " ind2=" ">
    <subfield code="r">2025-05-20 09:35:12</subfield>
    <subfield code="l">0</subfield>
    <subfield code="o">658.5 STE</subfield>
    <subfield code="p">0000009332</subfield>
    <subfield code="v">180000.00</subfield>
    <subfield code="w">2025-05-20</subfield>
    <subfield code="y">BKS</subfield>
    <subfield code="1">0</subfield>
    <subfield code="2">ddc</subfield>
    <subfield code="4">0</subfield>
    <subfield code="7">0</subfield>
    <subfield code="0">0</subfield>
    <subfield code="a">CBEML</subfield>
    <subfield code="b">CBEML</subfield>
    <subfield code="c">GEN</subfield>
    <subfield code="d">2007-04-17</subfield>
    <subfield code="g">60000.00</subfield>
  </datafield>
  <datafield tag="952" ind1=" " ind2=" ">
    <subfield code="r">2025-05-20 09:35:12</subfield>
    <subfield code="l">0</subfield>
    <subfield code="o">658.5 STE</subfield>
    <subfield code="p">0000009333</subfield>
    <subfield code="v">180000.00</subfield>
    <subfield code="w">2025-05-20</subfield>
    <subfield code="y">BKS</subfield>
    <subfield code="1">0</subfield>
    <subfield code="2">ddc</subfield>
    <subfield code="4">0</subfield>
    <subfield code="7">0</subfield>
    <subfield code="0">0</subfield>
    <subfield code="a">CBEML</subfield>
    <subfield code="b">CBEML</subfield>
    <subfield code="c">GEN</subfield>
    <subfield code="d">2007-04-17</subfield>
    <subfield code="g">60000.00</subfield>
  </datafield>
  <datafield tag="952" ind1=" " ind2=" ">
    <subfield code="r">2025-05-20 09:35:12</subfield>
    <subfield code="l">0</subfield>
    <subfield code="o">658.5 STE</subfield>
    <subfield code="p">0000009334</subfield>
    <subfield code="v">180000.00</subfield>
    <subfield code="w">2025-05-20</subfield>
    <subfield code="y">BKS</subfield>
    <subfield code="1">0</subfield>
    <subfield code="2">ddc</subfield>
    <subfield code="4">0</subfield>
    <subfield code="7">0</subfield>
    <subfield code="0">0</subfield>
    <subfield code="a">CBEML</subfield>
    <subfield code="b">CBEML</subfield>
    <subfield code="c">GEN</subfield>
    <subfield code="d">2007-04-17</subfield>
    <subfield code="g">60000.00</subfield>
  </datafield>
  <datafield tag="952" ind1=" " ind2=" ">
    <subfield code="r">2025-05-20 09:35:12</subfield>
    <subfield code="l">0</subfield>
    <subfield code="o">658.5 STE</subfield>
    <subfield code="p">0000009335</subfield>
    <subfield code="v">180000.00</subfield>
    <subfield code="w">2025-05-20</subfield>
    <subfield code="y">BKS</subfield>
    <subfield code="1">0</subfield>
    <subfield code="2">ddc</subfield>
    <subfield code="4">0</subfield>
    <subfield code="7">0</subfield>
    <subfield code="0">0</subfield>
    <subfield code="a">CBEML</subfield>
    <subfield code="b">CBEML</subfield>
    <subfield code="c">GEN</subfield>
    <subfield code="d">2007-04-17</subfield>
    <subfield code="g">60000.00</subfield>
  </datafield>
  <datafield tag="952" ind1=" " ind2=" ">
    <subfield code="r">2025-05-20 09:35:12</subfield>
    <subfield code="l">0</subfield>
    <subfield code="o">658.5 STE</subfield>
    <subfield code="p">0000009336</subfield>
    <subfield code="v">180000.00</subfield>
    <subfield code="w">2025-05-20</subfield>
    <subfield code="y">BKS</subfield>
    <subfield code="1">0</subfield>
    <subfield code="2">ddc</subfield>
    <subfield code="4">0</subfield>
    <subfield code="7">0</subfield>
    <subfield code="0">0</subfield>
    <subfield code="a">CBEML</subfield>
    <subfield code="b">CBEML</subfield>
    <subfield code="c">GEN</subfield>
    <subfield code="d">2007-04-17</subfield>
    <subfield code="g">60000.00</subfield>
  </datafield>
  <datafield tag="952" ind1=" " ind2=" ">
    <subfield code="r">2025-06-07 13:03:13</subfield>
    <subfield code="l">0</subfield>
    <subfield code="o">LECT 658.5  STE</subfield>
    <subfield code="p">00000011587</subfield>
    <subfield code="v">180000.00</subfield>
    <subfield code="w">2025-06-07</subfield>
    <subfield code="y">BKS</subfield>
    <subfield code="1">0</subfield>
    <subfield code="2">ddc</subfield>
    <subfield code="4">0</subfield>
    <subfield code="7">0</subfield>
    <subfield code="0">0</subfield>
    <subfield code="a">CBEML</subfield>
    <subfield code="b">CBEML</subfield>
    <subfield code="c">GEN</subfield>
    <subfield code="d">2007-04-17</subfield>
    <subfield code="g">60000.00</subfield>
  </datafield>
</record>
